• 首页
  • 本馆介绍
  • 公告通知
  • 最新文献
  • 馆藏检索
  • 电子资源
  • 读者导购
  • 参考咨询
  • 我的图书馆
  • 登录
  • 详细信息显示
  • 放入我的书架
  • 预约/预借图书
  • 作者相关作品
  • 分类相关作品
  • 丛书相关作品
  • 出版社相关作品

书目信息

  • 表格格式
  • 工作单格式
  • 卡片格式
题名:
世界自然奇观
    
 
作者: 邢涛 , 纪江红 著
分册: 下卷   北美洲·南美洲
出版信息: 北京   北京出版社  2005
页数: 224~335页
开本: 29cm
丛书名:
单 册:
中图分类: P941-49
科图分类:
主题词: 自然地理--世界--普及读物 , 自然地理--北美洲--普及读物 , 自然地理--南美洲--普及读物
电子资源:
ISBN: 7-200-05725-8
000 01338nam0 2200361 450
000 01301nam0 2200349 450
000 01298nam0 2200361 450
000 01244nam0 2200337 450
000 01229nam0 2200325 450
000 01192nam0 2200313 45
001 TS2006042140
005 20070122154934.07
010    @a7-200-05725-8@b精装@dCNY68.80(全三册)
100    @a20060829d2005 em y0chiy0110 ea
101 0  @achi
102    @aCN@b110000
105    @aa z 000yy
200 1  @a世界自然奇观@AShi Jie Zi Ran Qi Guan@h下卷@HXia Juan@i北美洲·南美洲@IBei Mei Zhou· Nan Mei Zhou@f邢涛,纪江红著@FXing Tao, Ji Jiang Hong Zhu
210    @a北京@c北京出版社@d2005
215    @a224~335页@d29cm@e光盘1片
307    @a附光盘 ISBN 7-900401-22-9
330    @a本书收集了南美洲、北美洲令人叹为观止的奇美胜景,涵盖了体现大自然神奇造化和鬼斧神工的地质地貌奇观。
510 1  @aNatural Wonders of the World@h3@zeng
606 0  @a自然地理@y世界@x普及读物
606 0  @a自然地理@y北美洲@x普及读物
606 0  @a自然地理@y南美洲@x普及读物
690    @aP941-49@v4
701  0 @a邢涛@AXing Tao@4著
701  0 @a纪江红@AJi Jiang Hong@4著
801  0 @aCN@b中图数据@c20070122
905    @a10447@dP941-49@e104:3
    
    世界自然奇观.下卷.北美洲·南美洲/邢涛,纪江红著.-北京:北京出版社,2005
    224~335页;29cm+光盘1片
    
    
    ISBN 7-200-05725-8(精装):CNY68.80(全三册)
    本书收集了南美洲、北美洲令人叹为观止的奇美胜景,涵盖了体现大自然神奇造化和鬼斧神工的地质地貌奇观。
●
相关链接 在E读中查询图书 在五车中查询图书 在当当中查询图书 在豆瓣中查询图书


正题名:世界自然奇观     索取号:P941-49/104:3         预约/预借

序号 登录号 条形码 馆藏地/架位号 状态 备注
1 0611833   206118333   第二样本阅览室/ [索取号:P941-49/104:3] 在馆    
2 0611834   206118342   第三借阅区/ [索取号:P941-49/104:3] 在馆    
唐山师范学院图书馆 欢迎您!
大连网信软件有限公司© 版权所有